1487 1108 1351 1088 1016 1906 1494 1166 1295 1788 1459 1596 1882 1465 1801 1678 1766 1871 1045 1725 1182 1246 1215 1130 1161 1770 1853 1208 1122 1844 1127 1212 1309 1009 1041 1416 1364 1901 1074 1090 1950 1858 1225 1536 1740 1271 1902 1760 1565 1564 1504 1832 1642 1448 1763 1954 1399 1514 1878 1972 1430 1483 1725 1541 1012 1898 1083 1385 1461 1442 1372 1938 1206 1394 1502 1700 1608 1262 1426 1623 1908 1955 1249 1717 1172 1936 1554 1314 1324 1844 1075 1758 1727 1016 1824 1591 1160 1723 1886 BCNSPRNW ULIB Ver.6.0+V

เปลี่ยนเป็นภาษาไทย

Change to English
 แสดงรายละเอียดบรรณานุกรม
  กลับหน้าหลัก

Brief Record : Get Marc (ISO 2709) : E-mail record : QR code < ปิดหน้าต่าง
LEADER : 00000nam 2200000uu 4500
001    13399112031
003     ULIB
008    110725s2547||||th 000 0 tha d
020    9744430524
050  4 H62^bก966ร 2547
100 0  โกสินทร์ จำนงไทย
245 10 ระเบียบและวิธีการวิจัย /^cโดย โกสินทร์ จำนงไทย
250    พิมพ์ครั้งที่ 1
260    กรุงเทพฯ :^bสมาคมส่งเสริมเทคโนโลยี,^c2547
300    161 หน้า
504    ดัชนีท้ายเล่ม
650  7 วิจัย^xวิธีวิทยา
710 2  สมาคมเทคโนโลยี (ไทย-ญี่ปุ่น)
945    ^p105^l0^i016879
945    ^p105^l0^i016880
995    ทศพร
999 ^a ทศพร
รายการนี้ยังไม่มีแท็ก
คุณยังไม่ได้ล็อกอิน คุณสามารถมีกิจกรรมร่วมกับเว็บไซต์ได้ แต่ต้องล็อกอินก่อน ::
  ล็อกอิน

รายการสื่อสารสนเทศ

ลำดับที่ ประเภท เลขเรียก/บาร์โค้ด สถานที่ สถานะ
1. วิทยาศาสตร์การแพทย์ และสุขภาพ
วิทยาศาสตร์การแพทย์ และสุขภาพ
สถานะ=หนังสือเก่า
H62 ก966ร 2547 ฉ.1 
  Barcode: 016879
ห้องสมุดวิทยาเขตสวรรค์ประชารักษ์
►ส่วนจัดเก็บหนังสือเก่า สปร
บนชั้น
  ขอยืม

รายการใกล้เคียง
    ผู้แต่ง [โกสินทร์ จำนงไทย]

BibComment


ยังไม่เคยถูกคอมเมนท์

คอมเมนท์ทรัพยากรรายการนี้
  คอมเมนท์: ระเบียบและวิธีการ..


 Copyright 2026. Bcnsprnw @Library